000 01627cab a2200241 4500
001 ABS51244
008 090401t1994 xxu||||| |||| 00| 0 eng d
035 _a(Sirsi) u16924
041 _aeng
245 _aLocum Properties Ltd v Harrow LBC
260 _c1994
350 _a0
490 _aRating & Valuation Reporter
_v(1994) 34 RVR 112-116(5)
520 _aLT 13 December 1993. H compulsorily purchased for road widening a strip of land forming part of L`s front garden. It was agreed that the effect of taking the strip was to deprive L the opportunity to form parking spaces. H claimed that the valuation should be based on planning permission being granted for two spaces whose use was restricted to the occupiers of the flats. L claimed that it should be based on three spaces with unrestricted use. L also claimed injurious affection and disturbance compensation based on loss of the rent on the ground floor flat during the works and loss of value of the whole property due to the proximity of traffic. L`s total claim was for £47,000. H claimed compensation should be £5,000. Held, compensation should be £7,700 based on comparables and not including injurious affection as the road was already a major one for traffic and that the small strip of land would not make a significant difference.
650 _aCompulsory purchase
_96228
650 _aFRONT GARDEN
650 _aINJURIOUS AFFECTION
650 _aPARKING SPACES
650 _aROAD WIDENING
690 _aENVIRONMENTAL AND LAND CONSULTANCY-PLANNING AND DEVELOPMENT-COMPULSORY PURCHASE AND COMPENSATION
942 _n0
948 _c04/03/1997
999 _c11208
_d11208